000 01664nam a22002537a 4500
999 _c21705
_d21705
003 AR-CdUCM
008 190425b ||||| |||| 00| 0 spa d
040 _aMUNICIPALIDAD PROVINCIAL DEL CUSCO
_cBIBLIOTECA MUNICIPAL DEL CUSCO
082 _aRev.Univ/N°35/1921
_bRev.Univ/N°35/1921
110 _aUniversidad Nacional de San Antonio Abad del Cusco
_915942
245 _aRevista Universitaria :
_bÓrgano de la Universidad del Cuzco /
260 _aCusco :
_bEl Comercio,
_cagosto 1921.
300 _a136 páginas. :
_c20 cm.
440 _aRevista Universitaria
_nAño X, agosto 1921, N°35
_945816
505 _aContenido: Ante la Patria, redacción. -- El Cuzco meca del Turismo. Alberto A. Giesecke. -- El barrio incaico de Ccolccampata. José Gabriel Cosio. -- Apuntes para un estudio de Arqueología regional. Antonio Lorena. -- Tiahuanacu. Ollantaytambo. Cuzco. Luis E. Valcárcel. -- Plantas alimenticias indígenas cultivadas en el Departamento. Fortunato L. Herrera. -- La Universidad del Cuzco ante el problema indígena. Félix Cosio. -- El Museo Arqueológico de la Universidad del Cuzco. El Escudo del Cuzco títulos y cedulas. -- Monografía agrícola del Departamento. Federico Ponce de León. -- El Ccoricancha monografía arqueológica. Guillermo Lazo. -- El Cuzco Incaico. Uriel García. -- El doctor Rowe miembro de la Universidad del Cuzco.
650 _aArqueología cusqueña
_99322
650 _aTurismo cusqueño
_945817
650 _aEscudo del Cusco
_945818
650 _aQorikancha
_930993
650 _aQolqampata
_945819
710 _aUniversidad Nacional de San Antonio Abad del Cusco
_915942
942 _2ddc
_cPP
945 _arac